Principles to Radically transform and Renew Your Life Thrive/ (Record no. 215955)

MARC details
000 -LEADER
fixed length control field 00584nam a22001937a 4500
005 - DATE AND TIME OF LATEST TRANSACTION
control field 20260417154014.0
010 ## - LCCN (DPL NO)
LC control number ENG-148254
020 ## - INTERNATIONAL STANDARD BOOK NUMBER
International Standard Book Number 9789385509711
Terms of availability 399.00
035 ## - SYSTEM CONTROL NUMBER
System control number EN-131786
037 ## - SOURCE OF ACQUISITION
Source of stock number/acquisition DBAD
082 ## - DEWEY DECIMAL CLASSIFICATION NUMBER
Classification number 158.1
100 ## - MAIN ENTRY--PERSONAL NAME
Personal name Kalra, Ajay
245 ## - TITLE STATEMENT
Title Principles to Radically transform and Renew Your Life Thrive/
Statement of responsibility, etc Ajay Kalra
250 ## - EDITION STATEMENT
Edition statement 1
260 ## - PUBLICATION, DISTRIBUTION, ETC. (IMPRINT)
Place of publication, distribution, etc Mumbai
Name of publisher, distributor, etc Indus Source Books
Date of publication, distribution, etc 2023
270 ## - ADDRESS
Address PO Box 6194, Malabar Hill PO
City Mumbai
Postal code 400006
Electronic mail address info@indussource.com
300 ## - PHYSICAL DESCRIPTION
Extent 220p
Dimensions 22cm(pb)
942 ## - ADDED ENTRY ELEMENTS (KOHA)
Source of classification or shelving scheme Dewey Decimal Classification
Item type English Books
Classification part 158.1
Call number suffix KAL
Holdings
Withdrawn status Lost status Not for loan Collection code Home library Current library Date acquired Source of acquisition Cost, normal purchase price Full call number Barcode Copy number Cost, replacement price Koha item type
      Non-fiction Sarojini Nagar Sarojini Nagar 17/04/2026 Delivery of Books Act Division 399.00 158.1 KAL EN-131786 1 399.00 English Books

© Delhi Public Library
Hit Counter
free hit counter